000 00194 a2200097 4500
020 _a9781558855922
041 _aeng
100 _aSilvio Sirias
245 _aMeet me under the ceiba
942 _cBK
999 _c13792
_d13792